| 000 | 00866nmm a2200277 a 4500 | ||
|---|---|---|---|
| 001 | ocm000551453 | ||
| 003 | TR-IsHL | ||
| 005 | 20201028120241.0 | ||
| 008 | 130625s2011 tu tur | ||
| 007 | cr cn | ||
| 020 | _a9789944157193 | ||
| 035 |
_a551453 _b(N$T) |
||
| 050 | 0 | 4 |
_aTJ755 _b.T274 2011 |
| 090 | 0 | 4 |
_aTJ755 _b.T274 2011 |
| 245 | 1 | 0 |
_aTermik motorlar _h[electronic resource] / _cPoyraz Ülger...[ve öte.] |
| 250 | _a1. bs. | ||
| 260 |
_aİstanbul : _bHiperlink Yayınları, _c2011 |
||
| 300 | _a432 p. | ||
| 650 | 4 | _aMühendislik ve Teknoloji | |
| 650 | 4 | _aEngineering and Technology | |
| 650 | 0 | _aTermik motorlar | |
| 650 | 0 | _aThermal engines | |
| 650 | 7 |
_aTECHNOLOGY & ENGINEERING / Machinery _2bisacsh |
|
| 700 | 1 | _aÜlger, Poyraz | |
| 856 | 4 | 0 | _uhttp://search.ebscohost.com/login.aspx?direct=true&scope=site&db=e011xww&AN=551453 |
| 999 |
_c685 _d685 |
||